[Event "Berlin Lichtenberger op 13th"]
[Site "Berlin"]
[Date "2014.08.24"]
[Round "9"]
[White "Exner, Roland"]
[Black "Dinslage, Klaus Dieter"]
[Result "1-0"]
[WhiteElo "1908"]
[BlackElo "1721"]
[PlyCount "52"]
[EventDate "2014.08.16"]
[EventType "swiss"]
[EventRounds "9"]
[EventCountry "GER"]
[SourceTitle "CBM 161 Extra"]
[Source "ChessBase"]
[SourceDate "2014.08.29"]
[SourceVersion "1"]
[SourceVersionDate "2014.08.29"]
[SourceQuality "1"]

1. d4 d5 2. Nf3 Nf6 3. g3 e6 4. Bg2 Nbd7 5. 0-0 c5 6. c4 cxd4 7. cxd5 Nxd5 8. Nxd4 N7b6 9. e4 Nf6 10. Nc3 Be7 11. Be3 e5 12. Ndb5 0-0 13. Qe2 a6 14. Rfd1 Bd7 15. Nd6 Qc7 16. Nf5 Bxf5 17. exf5 Rfd8 18. Rac1 Rxd1+ 19. Nxd1 Qd8 20. Bxb7 Ra7 21. Bc6 Qb8 22. a4 Rc7 23. Qxa6 Nfd5 24. Bxd5 Nxd5 25. Rxc7 Qxc7 26. Qa8+ Bf8 1-0

[Event "Berlin Lichtenberger op 13th"]
[Site "Berlin"]
[Date "2014.08.19"]
[Round "4"]
[White "Dinslage, Klaus Dieter"]
[Black "Bergmann, Jens"]
[Result "1/2-1/2"]
[WhiteElo "1721"]
[BlackElo "1896"]
[PlyCount "43"]
[EventDate "2014.08.16"]
[EventType "swiss"]
[EventRounds "9"]
[EventCountry "GER"]
[SourceTitle "CBM 161 Extra"]
[Source "ChessBase"]
[SourceDate "2014.08.29"]
[SourceVersion "1"]
[SourceVersionDate "2014.08.29"]
[SourceQuality "1"]

1. e4 b6 2. d4 Bb7 3. Nc3 e6 4. Bd3 Bb4 5. Bd2 Nf6 6. Nge2 c5 7. dxc5 bxc5 8. a3 Ba5 9. 0-0 a6 10. Rb1 Nc6 11. Na4 Bxd2 12. Nxc5 Bh6 13. Nxb7 Qc7 14. Nc5 Qe5 15. b4 d6 16. Nxa6 0-0 17. b5 Nd4 18. f4 Nxe2+ 19. Qxe2 Bxf4 20. g3 Qd4+ 21. Kh1 Be5 22. b6 1/2-1/2

[Event "Solingen op-B"]
[Site "Solingen"]
[Date "2005.05.29"]
[Round "6"]
[White "Dinslage, Klaus Dieter"]
[Black "Boehm, Yves"]
[Result "1-0"]
[WhiteElo "1606"]
[BlackElo "1269"]
[PlyCount "75"]
[EventDate "2005.05.26"]
[EventType "swiss"]
[EventRounds "7"]
[EventCountry "GER"]
[SourceTitle "EXT 2006"]
[Source "ChessBase"]
[SourceDate "2005.11.24"]
[SourceVersion "1"]
[SourceVersionDate "2005.11.24"]
[SourceQuality "1"]

1. e4 d6 2. Nf3 c5 3. d4 cxd4 4. Nxd4 Nc6 5. Bc4 e6 6. 0-0 Nf6 7. Bg5 Be7 8. Nc3 h6 9. Bh4 0-0 10. Nxc6 bxc6 11. h3 d5 12. exd5 cxd5 13. Bd3 Bd7 14. Qd2 Ne8 15. Bxe7 Qxe7 16. Rae1 Qb4 17. Qc1 Rb8 18. Nd1 Bb5 19. c3 Qe7 20. Bxb5 Rxb5 21. Re3 Nd6 22. Rfe1 Rfb8 23. Re5 Nc4 24. R5e2 Qb7 25. b3 Nd6 26. Qc2 Rc8 27. Qd3 Qb6 28. b4 a5 29. a4 Rxb4 30. cxb4 Qxb4 31. Nb2 Nc4 32. Rc1 Nd6 33. Rxc8+ Nxc8 34. Rc2 Ne7 35. g3 g6 36. Qc3 Qxc3 37. Rxc3 d4 38. Rc5 1-0